'D' TV Cast Match 2 Quiz Stats

 Plays Quiz not verified by Sporcle

Challenge
Share
Tweet
Embed
Score 0/25 Timer 06:00
0 Plays Today
% Correct
Desperate Housewives
90.9%
The Daily Show
88.7%
Diff'rent Strokes
87%
Dallas
86.6%
Dharma & Greg
84.8%
Dateline NBC
79.4%
Dynasty
73.4%
The Dukes of Hazzard
64.7%
Don't Trust the B---- in Apartment 23
63.4%
Dragnet
63%
Dear John
59.1%
Dollhouse
55.6%
Dr. Katz, Professional Therapist
51.3%
% Correct
The Dead Zone
49.1%
Dennis the Menace
45.7%
Dora the Explorer
41.8%
The Defenders
38.7%
Dark Shadows
37.7%
Dream On
36.1%
Drop Dead Diva
34%
Dilbert
27.1%
Davis Rules
26.6%
Day by Day
24.9%
Daria
24.7%
Doctor Doctor
21.6%

You're not logged in!

Compare scores with friends on all Sporcle quizzes.
Join for Free
OR
Log In

You Might Also Like...

Show Comments

Extras

Top Quizzes Today


Score Distribution

Your Account Isn't Verified!

In order to create a playlist on Sporcle, you need to verify the email address you used during registration. Go to your Sporcle Settings to finish the process.

Report this User

Report this user for behavior that violates our Community Guidelines.

Details: